Peygamber Efendimizin dilinden dualar: Türkçe okunuşu ve anlamı, Kur'an'dan dua ayetleri (Record no. 13265)

000 -LEADER
fixed length control field 01082nmm a2200289 a 4500
001 - CONTROL NUMBER
control field ocm0001232046
003 - CONTROL NUMBER IDENTIFIER
control field TR-IsHL
005 - DATE AND TIME OF LATEST TRANSACTION
control field 20201028155804.0
008 - FIXED-LENGTH DATA ELEMENTS--GENERAL INFORMATION
fixed length control field 150709s2014 tu tur
007 - PHYSICAL DESCRIPTION FIXED FIELD--GENERAL INFORMATION
fixed length control field cr cn
020 ## - INTERNATIONAL STANDARD BOOK NUMBER
International Standard Book Number 9786055176464
035 ## - SYSTEM CONTROL NUMBER
System control number 1232046
-- (N$T)
050 04 - LIBRARY OF CONGRESS CALL NUMBER
Classification number BP183.3
Item number .P49 2014
090 04 - LOCALLY ASSIGNED LC-TYPE CALL NUMBER (OCLC); LOCAL CALL NUMBER (RLIN)
Classification number (OCLC) (R) ; Classification number, CALL (RLIN) (NR) BP183.3
Local cutter number (OCLC) ; Book number/undivided call number, CALL (RLIN) .P49 2014
245 10 - TITLE STATEMENT
Title Peygamber Efendimizin dilinden dualar: Türkçe okunuşu ve anlamı, Kur'an'dan dua ayetleri
Medium [electronic resource] /
Statement of responsibility, etc. hazırlayan Hacı İsmail Boylu
250 ## - EDITION STATEMENT
Edition statement 6.bsk.
260 ## - PUBLICATION, DISTRIBUTION, ETC.
Place of publication, distribution, etc. Konya :
Name of publisher, distributor, etc. Eğitim Akademi Yayınevi,
Date of publication, distribution, etc. 2014
300 ## - PHYSICAL DESCRIPTION
Extent 322 p.
500 ## - GENERAL NOTE
General note Eserde, yazarın kısa biyografisi vardır
International Standard Serial Number (SE) [OBSOLETE] Kaynakça var.
--
650 #4 - SUBJECT ADDED ENTRY--TOPICAL TERM
Topical term or geographic name entry element Felsefe, Psikoloji ve Din
650 #4 - SUBJECT ADDED ENTRY--TOPICAL TERM
Topical term or geographic name entry element Philosophy, Psychology and Religion
650 #0 - SUBJECT ADDED ENTRY--TOPICAL TERM
Topical term or geographic name entry element Islam
General subdivision Prayer-books and devotions
650 #0 - SUBJECT ADDED ENTRY--TOPICAL TERM
Topical term or geographic name entry element İslam
General subdivision Dua kitapları ve ibadet
650 #7 - SUBJECT ADDED ENTRY--TOPICAL TERM
Topical term or geographic name entry element RELIGION / Prayerbooks / Islamic
Source of heading or term bisacsh
700 1# - ADDED ENTRY--PERSONAL NAME
Personal name Boylu, Hacı İsmail
856 40 - ELECTRONIC LOCATION AND ACCESS
Uniform Resource Identifier <a href="http://search.ebscohost.com/login.aspx?direct=true&scope=site&db=e011xww&AN=1232046">http://search.ebscohost.com/login.aspx?direct=true&scope=site&db=e011xww&AN=1232046</a>
Holdings
Withdrawn status Lost status Source of classification or shelving scheme Damaged status Not for loan Collection code Permanent Location Current Location Date acquired Total Checkouts Full call number Barcode Date last seen Price effective from Koha item type
        Online   Kıbrıs Amerikan Üniversitesi Kütüphanesi / American University of Cyprus Kıbrıs Amerikan Üniversitesi Kütüphanesi / American University of Cyprus 28.10.2020   BP183.3 .P49 2014 1232046 28.10.2020 28.10.2020 E-Kitap
Devinim Yazılım Eğitim Danışmanlık tarafından Koha'nın orjinal sürümü uyarlanarak geliştirilip kurulmuştur.